[Event "NRW Class2 1819"]
[Site "Germany"]
[Date "2019.03.17"]
[Round "7.8"]
[White "Schimnatkowski, Lukas"]
[Black "Schwanbeck, Christoph"]
[Result "1/2-1/2"]
[WhiteElo "2111"]
[BlackElo "2026"]
[PlyCount "52"]
[EventDate "2018.09.16"]
[EventType "team-tourn"]
[EventRounds "9"]
[EventCountry "GER"]
[SourceTitle "EXT 2022"]
[Source "ChessBase"]
[SourceDate "2021.10.06"]
[SourceVersion "1"]
[SourceVersionDate "2021.10.06"]
[SourceQuality "1"]
[WhiteTeam "Essen Katernberg"]
[BlackTeam "Iserlohn Koenigsspringer"]
[WhiteTeamCountry "GER"]
[BlackTeamCountry "GER"]

1. c4 Nf6 2. g3 e5 3. Bg2 Be7 4. Nc3 0-0 5. d3 c6 6. e4 d6 7. Nge2 Be6 8. 0-0 d5 9. b3 dxe4 10. dxe4 Na6 11. h3 Qc8 12. Kh2 Rd8 13. Qc2 b5 14. cxb5 cxb5 15. Qb2 Nc5 16. Nxb5 Nfxe4 17. Be3 Rb8 18. Nxa7 Qa6 19. Bxc5 Bxc5 20. Bxe4 Qxa7 21. Qxe5 Rd2 22. Rad1 Bd6 23. Bxh7+ Kf8 24. Qe4 Rxd1 25. Rxd1 Qxf2+ 26. Qg2 Qc5 1/2-1/2

[Event "Oberliga NRW 1617"]
[Site "Germany"]
[Date "2017.03.05"]
[Round "7.6"]
[White "Lenaerts, Lennert"]
[Black "Schwanbeck, Christoph"]
[Result "1-0"]
[WhiteElo "2279"]
[BlackElo "2124"]
[PlyCount "43"]
[EventDate "2016.09.25"]
[EventType "team-tourn"]
[EventRounds "9"]
[EventCountry "GER"]
[SourceTitle "EXT 2020"]
[Source "ChessBase"]
[SourceDate "2019.10.17"]
[SourceVersion "1"]
[SourceVersionDate "2019.10.17"]
[SourceQuality "1"]
[WhiteTeam "Aachen Aufwaerts II"]
[BlackTeam "Iserlohn Koenigsspringer"]
[WhiteTeamCountry "GER"]
[BlackTeamCountry "GER"]

1. d4 Nf6 2. c4 c5 3. d5 e5 4. Nc3 d6 5. e4 Be7 6. h3 h6 7. Bd3 Nbd7 8. Be3 a6 9. Nf3 Nf8 10. Nd2 Ng6 11. g3 Nh7 12. Qe2 Bg5 13. 0-0-0 Bd7 14. Rdf1 Bxe3 15. Qxe3 Qe7 16. f4 exf4 17. gxf4 0-0-0 18. e5 Nh4 19. Nde4 Nf5 20. exd6 Nxe3 21. dxe7 Rde8 22. Nd6+ 1-0

[Event "Moehnesee Cup 36th"]
[Site "Moehnesee"]
[Date "2010.08.29"]
[Round "6"]
[White "Steinle, Carsten"]
[Black "Schwanbeck, Christoph"]
[Result "1-0"]
[WhiteElo "2151"]
[BlackElo "2026"]
[PlyCount "63"]
[EventDate "2010.08.26"]
[EventType "swiss"]
[EventRounds "7"]
[EventCountry "GER"]
[SourceTitle "EXT 2011"]
[Source "ChessBase"]
[SourceDate "2010.11.26"]
[SourceVersion "1"]
[SourceVersionDate "2010.11.26"]
[SourceQuality "1"]

1. d4 Nf6 2. Nf3 e6 3. e3 c5 4. Bd3 b6 5. 0-0 Be7 6. b3 Bb7 7. Bb2 0-0 8. Nbd2 d6 9. Qe2 Nbd7 10. Rfd1 Rc8 11. Rac1 Qc7 12. c4 Qb8 13. Bb1 cxd4 14. exd4 d5 15. Ne5 Rfd8 16. Rc3 Nf8 17. Rg3 Bd6 18. Re1 Qa8 19. Qe3 Rc7 20. c5 bxc5 21. dxc5 Bxc5 22. Rxg7+ Kxg7 23. Qg5+ Ng6 24. Ng4 Kf8 25. Nxf6 d4 26. Nxh7+ Kg7 27. Bxg6 fxg6 28. Qe5+ Kh6 29. Qxc7 Bb4 30. Qf4+ Kxh7 31. Rxe6 Rd7 32. Qh4+ 1-0

[Event "Moehnesee Cup 36th"]
[Site "Moehnesee"]
[Date "2010.08.27"]
[Round "3"]
[White "Schwanbeck, Christoph"]
[Black "Heidler, Norbert Klaus"]
[Result "1-0"]
[WhiteElo "2026"]
[BlackElo "2056"]
[PlyCount "89"]
[EventDate "2010.08.26"]
[EventType "swiss"]
[EventRounds "7"]
[EventCountry "GER"]
[SourceTitle "EXT 2011"]
[Source "ChessBase"]
[SourceDate "2010.11.26"]
[SourceVersion "1"]
[SourceVersionDate "2010.11.26"]
[SourceQuality "1"]

1. d4 g6 2. c4 d6 3. Nc3 Bg7 4. e4 Nd7 5. Nf3 a6 6. Be2 c5 7. 0-0 cxd4 8. Nxd4 Ngf6 9. Be3 0-0 10. Qd2 Re8 11. Rac1 Ne5 12. f3 Bd7 13. Rfd1 Rc8 14. b3 Qa5 15. Bd3 Nxd3 16. Qxd3 h5 17. Rc2 Kh7 18. Qd2 Qc7 19. Rdc1 Qb8 20. a4 Red8 21. Bg5 Qa7 22. Be3 Qb8 23. Nde2 Bc6 24. Nf4 e6 25. Rd1 Ne8 26. Qf2 Bh6 27. Rcd2 d5 28. exd5 Bxf4 29. Bxf4 Qxf4 30. dxc6 Rxd2 31. Rxd2 Rxc6 32. g3 Qe5 33. Rd3 Rd6 34. Re3 Qd4 35. Ne4 Qa1+ 36. Kg2 Rd1 37. Re2 Rd7 38. Nc5 Rc7 39. Rd2 Qe5 40. Nd7 Qc3 41. Qd4 Qxb3 42. Qf4 Qc3 43. Qxf7+ Kh6 44. Qf8+ Ng7 45. Qh8+ 1-0

[Event "NRW Class2 0910"]
[Site "Germany"]
[Date "2010.02.21"]
[Round "7.5"]
[White "Schwanbeck, Christoph"]
[Black "Juegel, Marcel"]
[Result "0-1"]
[WhiteElo "1963"]
[BlackElo "2226"]
[PlyCount "82"]
[EventDate "2009.09.20"]
[EventType "team-tourn"]
[EventRounds "9"]
[EventCountry "GER"]
[SourceTitle "EXT 2011"]
[Source "ChessBase"]
[SourceDate "2010.11.26"]
[SourceVersion "1"]
[SourceVersionDate "2010.11.26"]
[SourceQuality "1"]
[WhiteTeam "Iserlohn Koenigsspringer"]
[BlackTeam "Aachen Aufwaerts"]
[WhiteTeamCountry "GER"]
[BlackTeamCountry "GER"]

1. d4 e6 2. Nf3 b6 3. e4 Bb7 4. Bd3 c5 5. c3 Nf6 6. Nbd2 d5 7. e5 Nfd7 8. 0-0 Be7 9. Re1 Nc6 10. Qe2 g5 11. g4 h5 12. h3 hxg4 13. hxg4 Qc7 14. Nf1 0-0-0 15. b3 Rde8 16. Ng3 f6 17. Bd2 fxe5 18. dxe5 Reg8 19. a4 Na5 20. Bc2 c4 21. b4 Nc6 22. a5 b5 23. a6 Ba8 24. Qe3 Qb8 25. Bd1 Bd8 26. Qe2 Rh3 27. Be3 Rgh8 28. Bxg5 d4 29. Bxd8 Ncxe5 30. Be7 Bxf3 31. Qxf3 Nxf3+ 32. Bxf3 Rxg3+ 33. fxg3 Qxg3+ 34. Bg2 Ne5 35. Rxe5 Qxe5 36. Bb7+ Kc7 37. Bc5 Qe3+ 38. Kg2 Qe2+ 39. Kg3 Qh2+ 40. Kf3 Rh3+ 41. Ke4 Re3+ 0-1

[Event "NRW-ch U18"]
[Site "Kranenburg"]
[Date "2008.03.27"]
[Round "5"]
[White "Schwanbeck, Christoph"]
[Black "Harff, Marcel"]
[Result "0-1"]
[WhiteElo "1809"]
[BlackElo "1980"]
[PlyCount "78"]
[EventDate "2008.03.24"]
[EventType "swiss"]
[EventRounds "7"]
[EventCountry "GER"]
[SourceTitle "EXT 2009"]
[Source "ChessBase"]
[SourceDate "2008.11.26"]
[SourceVersion "1"]
[SourceVersionDate "2008.11.26"]
[SourceQuality "1"]

1. d4 e6 2. Nf3 d5 3. Bf4 c6 4. e3 Bd6 5. Ne5 Ne7 6. Bd3 Ng6 7. Bg3 Bxe5 8. dxe5 Qb6 9. Qc1 c5 10. c3 Nc6 11. f4 f5 12. Nd2 c4 13. Nxc4 dxc4 14. Bxc4 Qc7 15. Be2 b6 16. Qc2 Bb7 17. Qb3 Kf7 18. 0-0 Rad8 19. Rad1 Na5 20. Qa3 Nc4 21. Bxc4 Qxc4 22. Rd4 Qc6 23. e4 Rxd4 24. cxd4 Qxe4 25. Rf2 Rc8 26. h3 Rc2 27. Rxc2 Qxc2 28. d5 Bxd5 29. Qxa7+ Ne7 30. Bf2 Qe4 31. Kf1 Qxg2+ 32. Ke1 Qe4+ 33. Kf1 Qb1+ 34. Be1 Bc4+ 35. Kf2 Qxb2+ 36. Kg3 Bf1 37. Qb7 g5 38. a4 gxf4+ 39. Kh4 Qxe5 0-1

[Event "NRW-ch U18"]
[Site "Kranenburg"]
[Date "2008.03.26"]
[Round "4"]
[White "Schwanbeck, Christoph"]
[Black "Heinichen, Nils"]
[Result "1-0"]
[WhiteElo "1809"]
[BlackElo "1842"]
[PlyCount "113"]
[EventDate "2008.03.24"]
[EventType "swiss"]
[EventRounds "7"]
[EventCountry "GER"]
[SourceTitle "EXT 2009"]
[Source "ChessBase"]
[SourceDate "2008.11.26"]
[SourceVersion "1"]
[SourceVersionDate "2008.11.26"]
[SourceQuality "1"]

1. Nf3 Nf6 2. d4 g6 3. Bg5 Bg7 4. Nbd2 d6 5. e4 Nbd7 6. Bc4 0-0 7. e5 Ne8 8. e6 fxe6 9. Bxe6+ Kh8 10. 0-0 Ne5 11. Bxc8 Nxf3+ 12. Nxf3 Rxc8 13. Qe2 Bf6 14. Rfe1 Ng7 15. Bh6 Qd7 16. Rad1 Qf5 17. Rd3 c5 18. c3 b6 19. Qd2 c4 20. Rde3 Rfe8 21. Qe2 Nh5 22. h3 Nf4 23. Bxf4 Qxf4 24. Nd2 d5 25. Nf3 Qf5 26. g4 Qf4 27. Ne5 Kg7 28. Nd7 Bh4 29. Rf3 Qd6 30. Ne5 Rf8 31. Rxf8 Rxf8 32. Rf1 Rf4 33. f3 b5 34. Kg2 b4 35. Qd2 Bg5 36. Qe2 a5 37. Kg3 Qf6 38. Nd7 Bh4+ 39. Kg2 Qd6 40. Qe5+ Qxe5 41. Nxe5 Rf6 42. f4 g5 43. fxg5 Rxf1 44. Kxf1 Bxg5 45. Nc6 Bc1 46. cxb4 axb4 47. Nxb4 Bxb2 48. Nxd5 Bxd4 49. Nxe7 Kf6 50. Nc6 Bc5 51. h4 h5 52. g5+ Kf5 53. a4 Ke4 54. Ke2 Kd5 55. Nd8 Ke5 56. a5 Kd6 57. Nb7+ 1-0

[Event "NRW-ch U14"]
[Site "Kranenburg"]
[Date "2005.04.01"]
[Round "6"]
[White "Schwanbeck, Christoph"]
[Black "Steinbach, Ulrich"]
[Result "1-0"]
[WhiteElo "1480"]
[BlackElo "1510"]
[PlyCount "55"]
[EventDate "2005.03.28"]
[EventType "swiss"]
[EventRounds "7"]
[EventCountry "GER"]
[SourceTitle "CBM 105 Extra"]
[Source "ChessBase"]
[SourceDate "2005.05.01"]
[SourceVersion "1"]
[SourceVersionDate "2005.05.01"]
[SourceQuality "1"]

1. c4 e5 2. Nc3 Nf6 3. g3 Nc6 4. Bg2 Bc5 5. e3 0-0 6. Nge2 Re8 7. 0-0 d6 8. a3 Be6 9. d4 Bb6 10. d5 Na5 11. dxe6 fxe6 12. b3 c6 13. Qc2 Qe7 14. Na4 d5 15. Nxb6 axb6 16. cxd5 cxd5 17. Bb2 Nd7 18. Rfd1 e4 19. Nd4 g6 20. Qc3 Ne5 21. Bh3 Qc5 22. Nxe6 Nf3+ 23. Kh1 Rf8 24. Nxf8 Rxf8 25. Qh8+ Kf7 26. Qxh7+ Ke8 27. Qxg6+ Kd8 28. Rxd5+ 1-0

[Event "NRW-ch U12"]
[Site "Kranenburg"]
[Date "2003.04.24"]
[Round "5"]
[White "Schwanbeck, Christoph"]
[Black "Egberts, Niklas"]
[Result "0-1"]
[WhiteElo "1374"]
[BlackElo "1208"]
[PlyCount "60"]
[EventDate "2003.04.??"]
[EventType "swiss"]
[EventRounds "7"]
[EventCountry "GER"]
[SourceTitle "EXT 2005"]
[Source "ChessBase"]
[SourceDate "2004.11.15"]
[SourceVersion "1"]
[SourceVersionDate "2004.11.15"]
[SourceQuality "1"]

1. d4 d5 2. c4 c6 3. Nc3 Nf6 4. Bg5 Bf5 5. e3 e6 6. Nf3 Be7 7. c5 Nbd7 8. Bd3 Ne4 9. Bxe7 Qxe7 10. Qc2 Ndf6 11. 0-0 0-0 12. Nh4 g6 13. f3 Nxc3 14. Nxf5 exf5 15. Qxc3 Qxe3+ 16. Kh1 Rae8 17. Rfe1 Qf2 18. b4 Re6 19. b5 Rfe8 20. Rf1 Qe3 21. bxc6 bxc6 22. Rab1 Nh5 23. g3 g5 24. Qc2 f4 25. Bxh7+ Kf8 26. Bf5 Rh6 27. Kg2 Kg7 28. Bd7 Reh8 29. Qf2 Nxg3 30. Qxe3 Rxh2+ 0-1